00769cam a22002293a 45000010005000000030006000050050017000110080041000280400015000690420007000840500007000911000040000982450150001382600029002885060030003175160020003476530036003676530036004036530031004398300028004708560041004986932PGUSA20140828083138.0041101s2004||||xxu|||||s|||||000 | eng d aPGUSAbeng adc 4aND1 aBacon, Mary Schell Hoke,d1870-193410aPictures Every Child Should Know :bA Selection of the World's Art Masterpieces for Young Peopleh[electronic resource] /cMary Schell Hoke Bacon bProject Gutenberg,c2004 aPublic domain in the USA. aElectronic text aPainters -- Juvenile literature aPainting -- Juvenile literature aArt -- Juvenile literature 0aProject Gutenbergv693240uhttp://www.gutenberg.org/ebooks/6932